Informácia o novele zákona o správe daní a poplatkov

Záložné právo je jedným z významných zabezpečovacích inštitútov súkromného práva, ktoré je upravené ustanoveniami Občianskeho zákonníka. V podmienkach daňovej správy záložné právo slúži na zabezpečenie už splatnej dane. Záložné právo a predbežné opatrenie. Záložné právo a daňové tajomstvo. Notársky...

Descrizione completa

Salvato in:
Dettagli Bibliografici
Autore principale: Beňová, Marcela
Natura: Capitolo di libro
Lingua:slovacco
Soggetti:
Tags: Aggiungi Tag
Nessun Tag, puoi essere il primo ad aggiungerne!!

MARC

LEADER 00000naa a2200000 4500
001 r046898
005 20231003085605.6
041 0 |a slo 
044 |a SK 
245 1 0 |a Informácia o novele zákona o správe daní a poplatkov  |c Marcela Beňová 
520 |a Záložné právo je jedným z významných zabezpečovacích inštitútov súkromného práva, ktoré je upravené ustanoveniami Občianskeho zákonníka. V podmienkach daňovej správy záložné právo slúži na zabezpečenie už splatnej dane. Záložné právo a predbežné opatrenie. Záložné právo a daňové tajomstvo. Notársky centrálny register záložných práv. Záložné právo a premlčanie. Záložné právo k nehnuteľnostiam. Záložné právo a daňová exekúcia. Pracovný list - záložné právo. 
610 2 0 |a právo záložné 
610 2 0 |a zákonník občiansky 
610 2 0 |a správa daňová 
610 2 0 |a poplatky 
610 2 0 |a nedoplatky 
610 2 0 |a exekúcia daňová 
100 1 |a Beňová, Marcela